Del buen salvaje al buen revolucionario : (Record no. 397)

MARC details
000 -LEADER
campo de control de longitud fija 01439cam a2200277 i 4500
001 - NÚMERO DE CONTROL
campo de control 1816812
005 - FECHA Y HORA DE LA ÚLTIMA TRANSACCIÓN
campo de control 20220326193308.0
008 - DATOS DE LONGITUD FIJA--INFORMACIÓN GENERAL
campo de control de longitud fija 790320s1976 sp b 000 0 spa
010 ## - NÚMERO DE CONTROL DE LA BIBLIOTECA DEL CONGRESO
Número de control de LC 79338269
015 ## - NÚMERO DE BIBLIOGRAFÍA NACIONAL
Número de bibliografía nacional Sp78-Jun
020 ## - NÚMERO INTERNACIONAL ESTÁNDAR DEL LIBRO
Número Internacional Estándar del Libro 8437700493 :
Condiciones de disponibilidad 350ptas
040 ## - FUENTE DE CATALOGACIÓN
Centro catalogador/agencia de origen DLC
Centro/agencia transcriptor DLC
Centro/agencia modificador DLC
043 ## - CÓDIGO DE ÁREA GEOGRÁFICA
Código de área geográfica cl-----
082 00 - NÚMERO DE LA CLASIFICACIÓN DECIMAL DEWEY
Número de clasificación 980
Número de ítem R196d
100 1# - ENTRADA PRINCIPAL--NOMBRE DE PERSONA
Nombre de persona Rangel, Carlos,
Fechas asociadas al nombre 1929-
9 (RLIN) 1888
245 10 - MENCIÓN DEL TÍTULO
Título Del buen salvaje al buen revolucionario :
Resto del título mitos y realidades de América Latina /
Mención de responsabilidad, etc. [por] Carlos Rangel.
250 ## - MENCION DE EDICION
Mención de edición 1. ed. española.
260 ## - PUBLICACIÓN, DISTRIBUCIÓN, ETC.
Lugar de publicación, distribución, etc. Barcelona :
Nombre del editor, distribuidor, etc. Monte Avila,
Fecha de publicación, distribución, etc. 1976.
300 ## - DESCRIPCIÓN FÍSICA
Extensión 257 p., 2 leaves ;
Dimensiones 24 cm.
504 ## - NOTA DE BIBLIOGRAFÍA, ETC.
Nota de bibliografía, etc. Includes bibliographical references.
505 ## - NOTA DE CONTENIDO CON FORMATO
Título Introducción: Española y no latina
-- Captilo 1: Del buen Salvaje al Buen revolucionario
-- Captilo 2:Latinoamerica y los Estados Unidos
-- Captilo 3: Heroes y traidores
-- Captilo 4: Ariel y Caliban
-- Captilo 5: Latinoamerica y el marxismo
-- Captilo 6: Latinoamerica y la iglesia
-- Captilo 7: Algunas verdades
-- Captilo 8: Algunas Verdades más
-- Captilo 9: Las formas del poder político en America Latina (1)
-- Captilo 10:Las formas del poder político en America Latina (2)
-- Captilo 11: Las formas del poder político en America Latina (3)
650 ## - PUNTO DE ACCESO ADICIONAL DE MATERIA--TÉRMINO DE MATERIA
Término de materia o nombre geográfico como elemento de entrada Relaciones Exteriores
Subdivisión de forma Politica y Gobierno
9 (RLIN) 1889
651 #0 - PUNTO DE ACCESO ADICIONAL DE MATERIA--NOMBRE GEOGRÁFICO
Nombre geográfico Latin America
Subdivisión general Civilization.
9 (RLIN) 1623
700 ## - ENTRADA AGREGADA--NOMBRE PERSONAL
Nombre de persona Rangel, Carlos,
9 (RLIN) 1890
906 ## - ELEMENTOS DE DATOS F LOCAL, LDF (RLIN)
a 7
b cbc
c orignew
d 3
e ncip
f 19
g y-gencatlg
Holdings
Estatus retirado Estado de pérdida Fuente del sistema de clasificación o colocación Estado de daño No para préstamo Biblioteca de origen Biblioteca actual Ubicación en estantería Fecha de adquisición Total de préstamos Signatura topográfica completa Código de barras Visto por última vez Precio de reemplazo Tipo de ítem Koha
    Clasificación Decimal Dewey     Biblioteca LadoV Biblioteca LadoV   12/12/2014   980 R196d 000434 12/12/2014 12/12/2014 Material 01